• 首页
  • 本馆介绍
  • 公告通知
  • 最新文献
  • 馆藏检索
  • 电子资源
  • 读者荐购
  • 参考咨询
  • CALIS
  • 我的图书馆
  • 登录
  • 详细信息显示
  • 放入我的书架
  • 预约/预借图书
  • 作者相关作品
  • 分类相关作品
  • 丛书相关作品
  • 出版社相关作品

书目信息

  • 表格格式
  • 工作单格式
  • 卡片格式
题名:
土质学与土力学
    
 
作者: 张钦喜 主编
分册:  
出版信息: 北京   科学出版社  2005.09
页数: 307页
开本: 26cm
丛书名:
单 册:
中图分类: P642.1
科图分类:
主题词: 土质学--tu zhi xue--高等学校--教材 , 土力学--tu li xue--高等学校--教材
电子资源:
ISBN: 7-03-015921-7
 
 
 
 
 
000 00963nam0 2200265 450
001 012006858329
005 20121009091556.89
010    @a7-03-015921-7@dCNY28.00
100    @a20060616d2005 km y0chiy0120 ea
101 0  @achi
102    @aCN@b110000
105    @aak a 000yy
200 1  @a土质学与土力学@Atu zhi xue yu tu li xue@f张钦喜主编@Fzhang qin xi zhu bian
210    @a北京@c科学出版社@d2005.09
215    @a307页@c图@d26cm
300    @a全国普通高等院校土木工程类实用创新型系列规划教材
300    @a中国科学院教材建设专家委员会教材建设立项项目
320    @a有书目 (第307页)。
330    @a本书系统地介绍了土质学与土力学的基本概念,基本原理和土工问题的分析计算方法等。本书每章均附有较全面,详细的例题以及习题和思考题。
606 0  @a土质学@Atu zhi xue@x高等学校@j教材
606 0  @a土力学@Atu li xue@x高等学校@j教材
690    @aP642.1@v4
701  0 @a张钦喜@Azhang qin xi@4主编
801  0 @aCN@bQSSK@c20110617
905    @a10447@dP642.1@eZ157
    
    土质学与土力学/张钦喜主编.-北京:科学出版社,2005.09
    307页:图;26cm
    全国普通高等院校土木工程类实用创新型系列规划教材.-中国科学院教材建设专家委员会教材建设立项项目
    
    ISBN 7-03-015921-7:CNY28.00
    本书系统地介绍了土质学与土力学的基本概念,基本原理和土工问题的分析计算方法等。本书每章均附有较全面,详细的例题以及习题和思考题。
●
相关链接 在E读中查询图书 在当当中查询图书 在豆瓣中查询图书


正题名:土质学与土力学     索取号:P642.1/Z157         预约/预借

序号 登录号 条形码 馆藏地/架位号 状态 备注
1 462692   204626921   自科二线504/504自科库 47排3列1层/ [索取号:P642.1/Z157] 在馆    
2 462693   204626930   社科二线400B/400B社科库 8排1列1层/ [索取号:P642.1/Z157] 在馆    
3 462694   204626949   社科二线400B/400B社科库 8排1列1层/ [索取号:P642.1/Z157] 在馆    
4 462947   204629474   自科二线504/504自科库 47排3列1层/ [索取号:P642.1/Z157] 在馆    
5 462948   204629483   社科二线400B/400B社科库 8排1列1层/ [索取号:P642.1/Z157] 在馆    
6 462949   204629492   自科库401/ [索取号:P642.1/Z157] 在馆    
7 462950   204629508   社科二线400B/400B社科库 1排1列2层/ [索取号:P642.1/Z157] 在馆    
8 462951   204629517   自科二线504/504自科库 47排3列4层/ [索取号:P642.1/Z157] 在馆    
9 462952   204629526   自科二线504/504自科库 47排2列6层/ [索取号:P642.1/Z157] 在馆    
10 462953   204629535   期刊室512/401自科库 129排1列4层/ [索取号:P642.1/Z157] 在馆    
11 465610   204656103   社科二线400B/400B社科库 1排1列2层/ [索取号:P642.1/Z157] 在馆    
12 472307   204723077   社科二线400B/400B社科库 9排3列2层/ [索取号:P642.1/Z157] 在馆    
13 472308   204723086   自科二线504/504自科库 47排3列1层/ [索取号:P642.1/Z157] 在馆    
14 472309   204723095   自科库401/401自科库 133排2列3层/ [索取号:P642.1/Z157] 在馆    
15 472310   204723102   自科二线504/504自科库 47排4列1层/ [索取号:P642.1/Z157] 在馆    
16 472311   204723111   自科二线504/504自科库 47排2列6层/ [索取号:P642.1/Z157] 在馆    
17 472312   204723120   自科二线504/504自科库 47排4列1层/ [索取号:P642.1/Z157] 在馆    
18 472313   204723139   自科库401/401自科库 68排7列4层/ [索取号:P642.1/Z157] 在馆    
19 472314   204723148   自科二线504/504自科库 47排2列6层/ [索取号:P642.1/Z157] 在馆    
20 474212   204742127   自科二线504/504自科库 47排3列1层/ [索取号:P642.1/Z157] 在馆    
21 474213   204742136   社科二线400B/400B社科库 8排1列1层/ [索取号:P642.1/Z157] 在馆    
22 474214   204742145   自科二线504/504自科库 47排3列1层/ [索取号:P642.1/Z157] 在馆    
23 474215   204742154   自科二线504/504自科库 47排4列1层/ [索取号:P642.1/Z157] 在馆    
24 474216   204742163   自科二线504/504自科库 47排3列1层/ [索取号:P642.1/Z157] 在馆    
25 474217   204742172   社科二线400B/400B社科库 8排1列1层/ [索取号:P642.1/Z157] 在馆    
26 474218   204742181   自科二线504/504自科库 47排3列4层/ [索取号:P642.1/Z157] 在馆    
27 475000   204750000   自科二线504/504自科库 47排4列2层/ [索取号:P642.1/Z157] 在馆    
28 484341   204843410   自科二线504/504自科库 47排3列4层/ [索取号:P642.1/Z157] 在馆    
29 487535   204875359   自科二线504/504自科库 20排2列4层/ [索取号:P642.1/Z157] 在馆    
30 487536   204875368   自科二线504/504自科库 20排2列4层/ [索取号:P642.1/Z157] 在馆    
31 487537   204875377   自科二线504/504自科库 20排2列4层/ [索取号:P642.1/Z157] 在馆    
32 487538   204875386   自科二线504/504自科库 21排2列4层/ [索取号:P642.1/Z157] 在馆    
33 487539   204875395   自科二线504/504自科库 21排2列4层/ [索取号:P642.1/Z157] 在馆    
34 488652   204886524   自科二线504/504自科库 22排1列1层/ [索取号:P642.1/Z157] 在馆    
35 588034   205880340   期刊室512/401自科库 129排1列4层/ [索取号:P642.1/Z157] 在馆    
36 588035   205880359   自科库401/401自科库 133排2列3层/ [索取号:P642.1/Z157] 在馆    
37 588036   205880368   期刊室512/401自科库 129排1列4层/ [索取号:P642.1/Z157] 在馆    
河南城建学院图书馆 欢迎您!
大连网信软件有限公司© 版权所有